Responses for show #7825 - Friday, September 21, 2018

Kyle Jones game 8.

Contestants

[<< previous game]

Dino Alexander, a medical lab scientist from Fayetteville, North Carolina

Rob Salerno, a writer-actor from Los Angeles, California

Kyle Jones, a music teacher from Aurora, Colorado (whose 7-day cash winnings total $145,403)

[next game >>]

Jeopardy! Round responses

HOT, COLD OR IN BETWEEN
TERMS IN HISTORY
HELP ME WITH THE TITLE
CHRIS P.
OUTSIDE
TENDER INSIDE
    $200 8
a (Comedy Central) roast

Kyle
    $200 1
the Boer War

Dino
    $200 23
The Comedy of Errors

Rob
    $200 4
Chris Pine

Kyle
    $200 15
a promenade

Dino
    $200 2
marshmallows

Kyle
    $400 9
moderate

Dino
    $400 3
the Holocaust

Dino
    $400 24
(Alex: With less than a minute now.)

Where the Wild Things Are

Rob
    $400 10
Chris Paul

Kyle
    $400 17
Antarctica

Dino
    $400 18
sponge cake

Rob
    $600 11
a Frosty

Dino
    $600 5
the Normans

Kyle
    $600 25
plain and tall

Kyle
    $600 12
Archer

Kyle
    $600 19
fastpitch

Kyle
    $600 22
filet mignon

Rob
    $800 13
tepid

Kyle
    $800 6
(Dino: Who are the Whigs?)

the Roundheads

Dino
Triple Stumper
    $800 26
(Kyle: What is The Road?)

Naked Lunch

Kyle
Triple Stumper
    $800 16
(Alex: Canadian.)

Christopher Plummer

Rob
    $800 20
wakeboarding

Kyle
    $800 29
[The end-of-round signal sounds.]

sole

Dino
    $1000 14
balmy

Rob
    $1,000 7
Teutonic

Kyle
    $1000 27
(Kyle: What is Gone With the Wind?)

War and Remembrance

Kyle
Triple Stumper
    $1000 28
Andrés Segovia

Triple Stumper
    $1000 21
parkour

Dino

Scores at the first commercial break (after clue 14):

Kyle Rob Dino
$4,000 $1,000 $800

Scores at the end of the Jeopardy! Round:

Kyle Rob Dino
$4,200 $3,400 $3,200

Double Jeopardy! Round responses

IT'S A BIBLICAL THING
COUNTRIES WITH FEWER THAN 1 MILLION PEOPLE
LINES FROM THE TV COMEDY
ONE GIANT LEAP
SENATORS IN THE 115th CONGRESS
ALTERNATIVES TO COACHELLA?
    $400 9
a manger

Rob
    $400 2
the Himalayas

Rob
    $400 8
Veep

Kyle
    $400 20
Pasteur

Kyle
    $400 1
(Elizabeth) Warren

Rob
    $400 25
(Alex: [After Rob selects the next clue] Less than a minute now.)

T'Challa

Rob
    $800 12
an olive branch (or leaf)

Dino
    $800 3
Andorra

Dino
    $800 10
The Office

Dino
    $800 21
Alexandria

Rob
    $800 4
(Orrin) Hatch

Kyle
    $800 26
Cinderella

Dino
    $1200 14
Samson

Rob
    $1200 5
(Dino: What is French?)

Dutch

RobDino
    $1200 17
30 Rock

Rob
    $1200 22
steam

Kyle
    $1200 11
(Bernie) Sanders

Kyle
    $1200 27
(Dino: What is marble rye?)

challah

RobDino
    $3,500 15
stones

Rob
    $1600 6
(Kyle: What's the Arabian Sea?)

the Red Sea

KyleRob
    $1600 18
Frasier

Dino
    $1600 23
Robert Goddard

Triple Stumper
    $1600 13
(Tammy) Duckworth

Rob
    $1600 28
Catahoula

Triple Stumper
    $2000 16
a spear

Kyle
    $3,000 7
(Alex: [*], surrounded by Italy.)

San Marino

Rob
    $2000 19
Friends

Rob
    $2000 24
C

Kyle
    $2000 30
(Susan) Collins

Rob
    $2000 29
a tarantella

Dino

Scores at the end of the Double Jeopardy! Round:

Kyle Rob Dino
$10,600 $24,300 $7,600
(lock game)

[wagering suggestions for these scores]

Final Jeopardy! Round responses

COLOR ETYMOLOGY
(Alex: [To Rob] I can't make it out.)
(Rob: I was trying to say Prussian, but that doesn't make sense either.)
(Alex: No. The country was Turkey, and the gem and the color was [*].)
DinoWhat is topaz?
$3,001
KyleWhat is Azure?
$5,000
RobWhat is sapphire pruss?
$2,200
turquoise

Final scores:

Kyle Rob Dino
$5,600 $22,100 $4,599
2nd place: $2,000 New champion: $22,100 3rd place: $1,000

Game dynamics:

Coryat scores:

Kyle Rob Dino
$10,600 $21,400 $7,600
18 R
(including 1 DD),
3 W
21 R
(including 2 DDs),
0 W
14 R,
3 W

Combined Coryat: $39,600

The J! Archive is created by fans, for fans. The Jeopardy! game show and all elements thereof, including but not limited to copyright and trademark thereto, are the property of Jeopardy Productions, Inc. and are protected under law. This website is not affiliated with, sponsored by, or operated by Jeopardy Productions, Inc. Join the discussion at JBoard.tv.